000 00561nam a22001697a 4500
005 20251108164051.0
008 250721s1986 xx 000 0 ara d
082 1 4 _a153.1/كيف
245 1 0 _aكيف تنشطين ذاكرتك :
_bأحلامك كيف تفسرينها : حظك من أوراق اللعب /
264 1 _aبيروت :
_bدار مكتبة التربية،
_c1986.
300 _a192ص
490 0 _aسلسلة الدراسات العلمية ؛ 5
650 1 7 _aعلم النفس
650 1 7 _aالذاكرة
942 _2ddc
_cBK
999 _c2764
_d2764